000 01444nam a2200313 a 4500
001 BRCA_6043
005 20190320205317.0
008 130511s2006----mx-a######---#000-0#spa-#
020 _a9709719041
041 _aspa
044 _amx
050 4 _aCD3651
_b.C63 2006
245 1 0 _aCorpus Christi
_bSede del Acervo Histórico del Archivo General de Notarías
_cpresentación Alejandro Encinas ; introducción Guillermo Tovar de Teresa ; textos María Estela Ríos González ... [et al.] ; edición Carlos González Manterola ; fotografía José Ignacio González Manterola.
260 _aMéxico
_bGobierno del Distrito Federal. Fideicomiso Centro Histórico
_c2006
300 _a285 p.
_bil. (algunas a color)
_c34 cm.
500 _aIncluye piezas de la colección Franz Mayer: p. 83 y 104.
500 _aDonación Dra. Elsa Barberena
610 2 4 _aConvento de Corpus Christi
_zCiudad de México
_915242
650 1 4 _aArquitectura de edificios
_zCiudad de México
_915243
650 1 4 _aEdificios históricos
_xConservación y restauración
_zCiudad de México
_915244
651 4 _aCiudad de México (México)
_xEdificios, estructuras, etc.
_915245
700 1 _aEncinas R., Alejandro.
_915246
700 1 _aTovar de Teresa, Guillermo.
_93098
700 1 _aRíos González, María Estela
_915247
700 1 _aGonzález Manterola, Carlos.
_93515
700 1 _aGonzález Manterola, José Ignacio.
_92339
902 _aDEB
942 _2lcc
_cB
999 _c5731
_d5731